|
|
|
|
| LEADER |
01535nam a22003137a 4500 |
| 001 |
38449 |
| 003 |
BD-DhAAL |
| 008 |
220425t2007 bg a g b 001 0aeng d |
| 999 |
|
|
|c 44135
|d 44135
|
| 020 |
|
|
|a 9848120777
|
| 020 |
|
|
|a 9789848120774
|
| 040 |
|
|
|a BD-DhAAL
|c BD-DhAAL
|
| 082 |
|
|
|a 954.9205092
|2 22
|
| 100 |
|
|
|a Rahman, Md. Anisur
|q (Muhammad Anisur)
|9 48233
|
| 245 |
|
|
|a Through moments in history :
|b memoirs of two decades of intellectual and social life,
|n 1970-1990 /
|c Md. Anisur Rahman.
|
| 260 |
|
|
|a Dhaka, Bangladesh :
|b Pathak Shamabesh,
|c 2007.
|
| 300 |
|
|
|a 278 pages :
|b illustrations ;
|c 24 cm.
|
| 504 |
|
|
|a Includes bibliographical references (pages [273]-275) and index.
|
| 520 |
|
|
|a Memoirs of an economics professor and official of the International Labour Office (Geneva) from Bangladesh.
|
| 541 |
|
|
|a Donated By Akbar Ali Khan
|e 38449
|
| 600 |
|
|
|a Rahman, Md. Anisur
|q (Muhammad Anisur)
|9 48233
|
| 610 |
|
|
|a International Labour Organisation
|x Officials and employees
|v Biography.
|9 48234
|
| 650 |
|
|
|a College teachers
|z Bangladesh
|v Biography.
|9 48235
|
| 651 |
|
|
|a Bangladesh
|x Politics and government
|y 1971-
|9 48236
|
| 651 |
|
|
|a Bangladesh
|x History
|y 20th century.
|9 48237
|
| 651 |
|
|
|a Bangladesh
|x Intellectual life
|y 20th century.
|9 48238
|
| 852 |
|
|
|a Ayesha Abed Library
|c Akbar Ali Khan Collection
|
| 942 |
|
|
|2 ddc
|c BK
|
| 952 |
|
|
|0 0
|1 0
|2 ddc
|4 0
|6 954_920509200000000_RAH
|7 1
|9 70554
|a BRACUL
|b BRACUL
|c AAKC
|d 2022-04-25
|e Donated by Akbar Ali Khan
|l 1
|o 954.9205092 RAH
|p 3010038449
|r 2025-03-24
|s 2025-03-23
|t 1
|w 2022-04-25
|y BK
|